000 00591nam a2200205Ia 4500
003 OSt
005 20230328100252.0
008 210423s2007 xx 000 0 und d
020 _a9780521603997
040 _cAL
041 _aeng
082 _a813.409 CRAG
100 _aCRANE (Gregg).
_978620
245 _aCambridge introduction to the nineteenth-century American novel.
260 _aNew Delhi
_bCambridge University Press
_c2007
300 _aix,238
_bPB
365 _b1349
_cINR
906 _aAmerican ; Cambridge ; introduction ; nineteenth-century ; novel.
942 _2ddc
_cBK
999 _c156143
_d156143